| 000 | 00536nam a2200169Ia 4500 | ||
|---|---|---|---|
| 008 | 090711s9999 xx 000 0 und d | ||
| 082 | _b37772 | ||
| 100 | _aदिघे प्रभाकर तुकाजी | ||
| 245 | _aकबुलीजबाब | ||
| 260 | _c1978 | ||
| 300 | _a232 | ||
| 600 | _aदिघे प्रभाकर तुकाजी | ||
| 630 | _aकबुलीजबाब | ||
| 700 | _aदिघे प्रभाकर तुकाजी | ||
| 730 | _aकबुलीजबाब | ||
| 942 | _cBOOK | ||
| 999 |
_c305857 _d305857 |
||